• 首页
  • 本馆介绍
  • 公告通知
  • 最新文献
  • 馆藏检索
  • 电子资源
  • 读者导购
  • 参考咨询
  • 我的图书馆
  • 登录
  • 详细信息显示
  • 放入我的书架
  • 预约/预借图书
  • 作者相关作品
  • 分类相关作品
  • 丛书相关作品
  • 出版社相关作品

书目信息

  • 表格格式
  • 工作单格式
  • 卡片格式
题名:
20世纪中国古代文化经典在意大利的传播编年
    
 
作者: 王苏娜 编著
分册:  
出版信息: 郑州   大象出版社  2017
页数: [64], 428页
开本: 25cm
丛书名: 20世纪中国古代文化经典域外传播研究书系
单 册:
中图分类: G125
科图分类:
主题词: 中华文化--zhong hua wen hua--文化传播--研究--意大利--20世纪
电子资源:
ISBN: 978-7-5347-9568-8
000 01243nam 2200289 450
001 012001003609
005 20131013165152.0
010    @a978-7-5347-9568-8@dCNY92.00
099    @aCAL 012018058148
100    @a20180330d2017 em y0chiy50 ea
101 0  @achi
102    @aCN@b410000
105    @ay a 001yy
106    @ar
200 1  @a20世纪中国古代文化经典在意大利的传播编年@A20 shi ji zhong guo gu dai wen hua jing dian zai yi da li de chuan bo bian nian@f王苏娜编著
210    @a郑州@c大象出版社@d2017
215    @a[64], 428页@d25cm
225 2  @a20世纪中国古代文化经典域外传播研究书系@A20 shi ji zhong guo gu dai wen hua jing dian yu wai chuan bo yan jiu shu xi
300    @a国家出版基金项目
320    @a有书目 (第424-426页) 和索引
330    @a本书收录了1900-1999年间,在意大利出版的有关中国古代文化的专著、论文、译著及百科全书或字典中的相关条目。大部分著者是意大利人,也包括少数其他国家的汉学家用英文、法文等撰写的作品,或从其他语言翻译成意大利文的作品。
410  0 @12001 @a20世纪中国古代文化经典域外传播研究书系
606 0  @a中华文化@Azhong hua wen hua@x文化传播@x研究@y意大利@z20世纪
690    @aG125@v5
701  0 @a王苏娜@Awang su na@4编著
801    @b江苏凤凰@c20191020
905    @b1233401-6@dG125@e257@f6
    
    20世纪中国古代文化经典在意大利的传播编年/王苏娜编著.-郑州:大象出版社,2017
    [64], 428页;25cm.-(20世纪中国古代文化经典域外传播研究书系)
    国家出版基金项目
    
    ISBN 978-7-5347-9568-8:CNY92.00
    本书收录了1900-1999年间,在意大利出版的有关中国古代文化的专著、论文、译著及百科全书或字典中的相关条目。大部分著者是意大利人,也包括少数其他国家的汉学家用英文、法文等撰写的作品,或从其他语言翻译成意大利文的作品。
●
相关链接 在E读中查询图书 在五车中查询图书 在当当中查询图书 在豆瓣中查询图书


正题名:20世纪中国古代文化经典在意大利的传播编年     索取号:G125/257         预约/预借

序号 登录号 条形码 馆藏地/架位号 状态 备注
1 1233401   212334017   第一样本阅览室/ [索取号:G125/257] 在馆    
2 1233402   212334026   第四借阅区/ [索取号:G125/257] 在馆    
3 1233403   212334035   第四借阅区/ [索取号:G125/257] 在馆    
4 1233404   212334044   教育系资料室/ [索取号:G125/257] 在馆    
5 1233405   212334053   教育系资料室/ [索取号:G125/257] 在馆    
6 1233406   212334062   教育系资料室/ [索取号:G125/257] 在馆    
唐山师范学院图书馆 欢迎您!
大连网信软件有限公司© 版权所有